000 00838nam a22003017a 4500
003 CHAP
005 20220329133154.0
008 971013s1986 r 00010 d
010 _a2973
011 _a3945
035 _a3146
040 _cCHAP
082 _a327.11
_bP3
100 0 0 _aPadua, Jorge.
_984695
245 _aPoder local, poder regional
260 _aMéxico, D. F. :
_bEl Colegio de México,
_c1986
300 _a287 p.
500 _aD48-30
590 _aBATCH-UPD
_b10
_c20130110
_lUCH01
_h0008
590 _aBATCH-UPD
_b10
_c20130110
_lUCH01
_h1125
590 _aCONVERSION
_b10
_c20130109
_lUCH01
_h1303
650 1 4 _aDemocracia.
_931740
650 1 4 _aPoder.
_989471
700 0 _aVanneph, Alain.
_9117889
901 _aBK
942 _cLIBRO
949 _a327.11 P3
_bBC
_cLIBRO
_d33724000302949
_eLIBRO
_h81177
_i3146
_mD
_si
999 _c2973
_d2973